000 00437nam a2200181Ia 4500
001 23843
005 20260414151004.0
008 260414t1979||||xx |||||||||||||| ||spa||
041 _aESP
082 _a720.1
_bCH554A
100 _aChing, Francis D. K.,
_eAUT
245 0 _aArchitecture :
_borm, space & order
260 _c1979
300 _a394 páginas :
_c22 cm.
650 _aABD
654 _aCAU
942 _cLIB
_dJUS
_fJUS
_2ddc
_n
999 _c23843
_d23843